00000000nam 2200000zi 4500
0019.941723
003CaOODSP
00520250108082735
006m     o  d f      
007cr cn ||||||||
008240809t20242024onca    ob   f000 0 eng d
020 |a9780660731162
040 |aCaOODSP|beng|erda|cCaOODSP
043 |an-cn---
0861 |aH144-63/2024E-PDF
24500|aYou're active in the heat : |byou're at risk! : protect yourself from extreme heat.
264 1|aOttawa, Ontario : |bHealth Canada = Santé Canada, |c[2024]
264 4|c©2024
300 |a1 online resource (12 unnumbered pages) : |bcolour illustrations
336 |atext|btxt|2rdacontent
337 |acomputer|bc|2rdamedia
338 |aonline resource|bcr|2rdacarrier
500 |aIssued also in French under title: Vous êtes actif quand il fait chaud : vous êtes à risque! : protégez-vous du temps très chaud.
500 |a"Pub.: 240480."
504 |aIncludes bibliographical references.
650 0|aHeat exhaustion|zCanada|xPrevention.
650 0|aHeat stroke|zCanada|xPrevention.
7101 |aCanada. |bHealth Canada, |eissuing body.
77508|tVous êtes actif quand il fait chaud : |w(CaOODSP)9.941722
795 |tYou're active in the heat : |w(CaOODSP)9.874966
85640|qPDF|s2.37 MB|uhttps://publications.gc.ca/collections/collection_2025/sc-hc/H144-63-2024-eng.pdf
8564 |qHTML|sN/A|uhttps://www.canada.ca/en/health-canada/services/environmental-workplace-health/reports-publications/climate-change-health/you-active-heat-you-risk-protect-yourself-extreme-heat-2011-health-canada-brochure.html